Forecasting : a guide for the surveying profession. (Record no. 94824)
[ view plain ]
| 000 -LEADER | |
|---|---|
| fixed length control field | 00728cam a2200253 4500 |
| 008 - FIXED-LENGTH DATA ELEMENTS--GENERAL INFORMATION | |
| fixed length control field | 090401t1996 xxu||||| |||| 00| 0 eng d |
| 020 ## - INTERNATIONAL STANDARD BOOK NUMBER | |
| International Standard Book Number | 0854067809 |
| 035 ## - SYSTEM CONTROL NUMBER | |
| System control number | (Sirsi) u66164 |
| 041 ## - LANGUAGE CODE | |
| Language code of text/sound track or separate title | eng |
| 050 ## - LIBRARY OF CONGRESS CALL NUMBER | |
| Classification number | 338.4569 |
| 090 ## - LOCALLY ASSIGNED LC-TYPE CALL NUMBER (OCLC); LOCAL CALL NUMBER (RLIN) | |
| Classification number (OCLC) (R) ; Classification number, CALL (RLIN) (NR) | RICS 1996/59ABCD |
| 110 ## - MAIN ENTRY--CORPORATE NAME | |
| Corporate name or jurisdiction name as entry element | Royal Institution of Chartered Surveyors |
| 9 (RLIN) | 4900 |
| 245 ## - TITLE STATEMENT | |
| Title | Forecasting : a guide for the surveying profession. |
| 260 ## - PUBLICATION, DISTRIBUTION, ETC. | |
| Place of publication, distribution, etc. | London |
| Name of publisher, distributor, etc. | RICS |
| Date of publication, distribution, etc. | 1996 |
| 350 ## - PRICE (NR) (BK AM CF MU VM SE) [OBSOLETE] | |
| Price | 6.5 |
| 520 ## - SUMMARY, ETC. | |
| Summary, etc. | Withdrawn from publication (12/96). |
| 650 ## - SUBJECT ADDED ENTRY--TOPICAL TERM | |
| Topical term or geographic name entry element | CONSTRUCTION FORECASTS |
| 650 ## - SUBJECT ADDED ENTRY--TOPICAL TERM | |
| Topical term or geographic name entry element | ECONOMIC FORECASTS |
| 650 ## - SUBJECT ADDED ENTRY--TOPICAL TERM | |
| Topical term or geographic name entry element | GUIDANCE NOTES |
| 650 ## - SUBJECT ADDED ENTRY--TOPICAL TERM | |
| Topical term or geographic name entry element | PRINT-TO-ORDER PUBLICATIONS |
| 690 ## - LOCAL SUBJECT ADDED ENTRY--TOPICAL TERM (OCLC, RLIN) | |
| Topical term or geographic name as entry element | BUILDING AND CONSTRUCTION-ECONOMICS |
| 942 ## - ADDED ENTRY ELEMENTS (KOHA) | |
| Suppress in OPAC | 0 |
| 948 ## - LOCAL PROCESSING INFORMATION (OCLC); SERIES PART DESIGNATOR (RLIN) | |
| c (OCLC) | 04/03/1997 |
| Withdrawn status | Lost status | Source of classification or shelving scheme | Damaged status | Not for loan | Home library | Current library | Shelving location | Date acquired | Cost, normal purchase price | Total Checkouts | Full call number | Barcode | Date last seen | Copy number | Cost, replacement price | Price effective from | Koha item type | Date last checked out |
|---|---|---|---|---|---|---|---|---|---|---|---|---|---|---|---|---|---|---|
| Dewey Decimal Classification | London | London | RICS Boxes | 08/08/1996 | 6.50 | RICS 1996/59 | 30051442 | 06/08/2019 | 1 | 6.50 | 06/08/2019 | Archive | ||||||
| Dewey Decimal Classification | London | London | RICS Boxes | 08/08/1996 | 6.50 | RICS 1996/59 | 30051443 | 06/08/2019 | 2 | 6.50 | 06/08/2019 | Reference material | ||||||
| Dewey Decimal Classification | London | London | RICS Boxes | 08/08/1996 | 6.50 | 2 | RICS 1996/59 | 30051444 | 06/08/2019 | 3 | 6.50 | 06/08/2019 | Book | 19/06/2002 | ||||
| Dewey Decimal Classification | London | London | RICS Boxes | 08/08/1996 | 6.50 | 1 | RICS 1996/59 | 30051445 | 06/08/2019 | 4 | 6.50 | 06/08/2019 | Book | 26/01/2000 |